| 000 | 00699nam a2200193 a 4500 | ||
|---|---|---|---|
| 001 | 000036738 | ||
| 005 | 20200930075915.0 | ||
| 008 | 120127s1976 sp a 001 0 spa d | ||
| 040 |
_aDO-SdBNP _bspa _cBNPHU |
||
| 041 | 1 | 7 |
_aspa _hger |
| 100 | 1 |
_aSchmitt, Heinrich _963049 |
|
| 245 | 1 | 0 |
_aTratado de construcción : _belementos, estructuras y reglas fundamentales de la construcción / _cHeinrich Schmitt ; traductor Adrian Margarit. |
| 250 | _a5a. ed. | ||
| 260 |
_aBarcelona : _bGustavo Gili, _c1976. |
||
| 300 |
_a560 p. : _bil. ; _c32 cm. |
||
| 534 |
_pTítulo original: _tHochbaukonstruktion |
||
| 650 | 2 | 4 |
_aConstrucción _xGuías, manuales, etc. _963050 |
| 700 | 1 |
_aMargarit, Adrian, _etrad. _963051 |
|
| 999 |
_c36229 _d36229 |
||